| 000 | 00846nam a2200265Ia 4500 | ||
|---|---|---|---|
| 005 | 20250117103603.0 | ||
| 008 | 008 250103s9999 xx 000 0 eng d | ||
| 020 | _a9789391392062 | ||
| 037 | _aTextual | ||
| 040 |
_aCSL _beng _cCSL |
||
| 041 |
_aeng _2eng |
||
| 084 |
_aD65, 8(B)92Py R2 _qCSL |
||
| 100 |
_aMohbey, Krishna Kumar _9731820 |
||
| 245 | 0 |
_aIntroduction to python programming: A practical approach _cMohbey, Krishna Kumar; Bakariya, Brijesh |
|
| 260 |
_aNew Delhi _bBPB Publisher _c2022 |
||
| 300 | _axxiv, 397p. ill. | ||
| 650 |
_a Clustering and python _9734054 |
||
| 650 |
_a File handling _9734055 |
||
| 650 |
_a Strings _9734056 |
||
| 650 |
_a Tuple _9734057 |
||
| 650 | _aStatistics | ||
| 700 |
_a Bakariya, Brijesh _9731822 |
||
| 942 |
_cTEXL _hD65, 8(B)92Py R2 |
||
| 999 |
_c1237811 _d1237811 |
||